[Event "ESP-chT Premier North"]
[Site "Barcelona"]
[Date "2005.08.12"]
[Round "3"]
[White "Ingunza Lopez, Txema"]
[Black "March Morla, Xavier"]
[Result "1-0"]
[WhiteElo "2047"]
[BlackElo "2156"]
[PlyCount "102"]
[EventDate "2005.08.01"]
[EventType "team"]
[EventRounds "6"]
[EventCountry "ESP"]
[SourceTitle "CBM 107 Extra"]
[Source "ChessBase"]
[SourceDate "2005.09.01"]
[SourceVersion "1"]
[SourceVersionDate "2005.09.01"]
[SourceQuality "1"]

1. e4 c5 2. Nf3 d6 3. d4 cxd4 4. Nxd4 Nf6 5. Nc3 a6 6. Bg5 e6 7. f4 Be7 8. Qf3 Qc7 9. 0-0-0 Nbd7 10. g4 h6 11. Bh4 g5 12. fxg5 Ne5 13. Qg3 hxg5 14. Bxg5 Nfxg4 15. Bxe7 Qxe7 16. Be2 Bd7 17. h3 Nf6 18. Nf3 Nh5 19. Qh2 0-0-0 20. Rhg1 Qf6 21. Nxe5 Qxe5 22. Qxe5 dxe5 23. Rg5 Nf4 24. Rxe5 Nxe2+ 25. Nxe2 Rxh3 26. Rc5+ Kb8 27. Nc3 Rc8 28. Rg5 Bc6 29. Rg7 Rf3 30. Rgg1 b5 31. a3 a5 32. Rgf1 Rxf1 33. Rxf1 b4 34. axb4 axb4 35. Na2 Bxe4 36. Nxb4 f5 37. Rd1 Kc7 38. Na6+ Kc6 39. Nb4+ Kc5 40. c3 Ra8 41. Rd7 Ra1+ 42. Kd2 Rb1 43. Na6+ Kc4 44. Rd4+ Kb5 45. Nc7+ Kc6 46. Nxe6 Rxb2+ 47. Ke3 Rc2 48. Rxe4 fxe4 49. Nd4+ Kd5 50. Nxc2 Kc4 51. Kd2 Kb3 1-0

[Event "Capdepera 1st"]
[Site "Capdepera"]
[Date "2004.04.28"]
[Round "6"]
[White "March Morla, Xavier"]
[Black "Richter, Michael"]
[Result "1/2-1/2"]
[WhiteElo "2207"]
[BlackElo "2424"]
[PlyCount "74"]
[EventDate "2004.04.24"]
[EventType "tourn"]
[EventRounds "9"]
[EventCountry "ESP"]
[EventCategory "4"]
[SourceTitle "CBM 100 Extra"]
[Source "ChessBase"]
[SourceDate "2004.07.06"]
[SourceVersion "2"]
[SourceVersionDate "2004.07.06"]
[SourceQuality "1"]

1. e4 c5 2. Nf3 Nc6 3. d4 cxd4 4. Nxd4 Nf6 5. Nc3 e5 6. Ndb5 d6 7. Bg5 a6 8. Na3 b5 9. Bxf6 gxf6 10. Nd5 Bg7 11. Bd3 Ne7 12. Nxe7 Qxe7 13. c4 f5 14. 0-0 0-0 15. Qf3 d5 16. cxd5 fxe4 17. Bxe4 Rb8 18. Rad1 Rb6 19. Qd3 Qd7 20. Bxh7+ Kh8 21. d6 Rd8 22. Qe3 Rxd6 23. Rxd6 Qxd6 24. Be4 f5 25. Qh3+ Qh6 26. Bxf5 Qxh3 27. Bxh3 Bxh3 28. gxh3 Rd2 29. Rc1 Rxb2 30. Rc2 Rb4 31. Kg2 Bf8 32. Re2 Kg7 33. Nc2 Ra4 34. Ne3 Bc5 35. Ng4 Bd4 36. Kf3 Kg6 37. Ke4 Bxf2+ 1/2-1/2

[Event "Capdepera 1st"]
[Site "Capdepera"]
[Date "2004.04.27"]
[Round "5"]
[White "Breier, Andreas"]
[Black "March Morla, Xavier"]
[Result "1-0"]
[WhiteElo "2359"]
[BlackElo "2207"]
[PlyCount "117"]
[EventDate "2004.04.24"]
[EventType "tourn"]
[EventRounds "9"]
[EventCountry "ESP"]
[EventCategory "4"]
[SourceTitle "CBM 100 Extra"]
[Source "ChessBase"]
[SourceDate "2004.07.06"]
[SourceVersion "2"]
[SourceVersionDate "2004.07.06"]
[SourceQuality "1"]

1. d4 Nf6 2. c4 d6 3. Nf3 Nbd7 4. Nc3 c6 5. e4 e5 6. h3 Be7 7. Be3 a6 8. d5 0-0 9. Nd2 Ne8 10. h4 c5 11. g4 g6 12. Nf3 Ndf6 13. Nh2 Ng7 14. Be2 Qa5 15. Qd2 b5 16. g5 b4 17. gxf6 bxc3 18. bxc3 Bxf6 19. h5 Rb8 20. Ng4 Bxg4 21. Bxg4 Qa3 22. hxg6 fxg6 23. Kf1 Qb2 24. Qxb2 Rxb2 25. Bd1 Bd8 26. Rh2 Ba5 27. Bc1 Rb7 28. Bd2 Rb2 29. Ke1 Ne8 30. Rh3 Nf6 31. Bf3 Rc2 32. Bd1 Rxd2 33. Kxd2 Nxe4+ 34. Ke3 Ng5 35. Rh2 Bxc3 36. Rb1 Bd4+ 37. Ke2 Nf3 38. Rh1 Bxf2 39. Rb7 Nd4+ 40. Kd3 h5 41. Rd7 Nf5 42. Rh3 Ng3 43. Rxd6 e4+ 44. Kc2 Kh7 45. Rxa6 e3 46. Re6 Rf4 47. Kb3 Nf5 48. Kb2 h4 49. Be2 Rd4 50. Bg4 Rd2+ 51. Kc1 Nd4 52. Re7+ Kh6 53. d6 Kg5 54. d7 Nc6 55. Re4 Rxd7 56. Bxd7 Nd4 57. Rexe3 Bxe3+ 58. Rxe3 Kf4 59. Kd2 1-0

[Event "Capdepera 1st"]
[Site "Capdepera"]
[Date "2004.04.26"]
[Round "3"]
[White "Mirzoev, Azer"]
[Black "March Morla, Xavier"]
[Result "1-0"]
[WhiteElo "2544"]
[BlackElo "2207"]
[PlyCount "47"]
[EventDate "2004.04.24"]
[EventType "tourn"]
[EventRounds "9"]
[EventCountry "ESP"]
[EventCategory "4"]
[SourceTitle "CBM 100 Extra"]
[Source "ChessBase"]
[SourceDate "2004.07.06"]
[SourceVersion "2"]
[SourceVersionDate "2004.07.06"]
[SourceQuality "1"]

1. d4 d5 2. c4 e6 3. Nc3 c5 4. cxd5 exd5 5. Nf3 Nc6 6. Bg5 Qa5 7. e3 Bg4 8. Be2 cxd4 9. Nxd4 Bxe2 10. Qxe2 Bb4 11. 0-0 Nge7 12. Nb3 Qb6 13. Rac1 Bxc3 14. Rxc3 0-0 15. Rd1 Rac8 16. h3 f6 17. Bf4 Nb4 18. Nc1 Rfe8 19. Rb3 Qc5 20. a3 Nbc6 21. Rxb7 Ng6 22. Qg4 Na5 23. Rd7 Rcd8 24. b4 1-0

[Event "Capdepera 1st"]
[Site "Capdepera"]
[Date "2004.04.24"]
[Round "1"]
[White "March Morla, Xavier"]
[Black "Vidarte Morales, Arturo"]
[Result "1/2-1/2"]
[WhiteElo "2207"]
[BlackElo "2370"]
[PlyCount "65"]
[EventDate "2004.04.24"]
[EventType "tourn"]
[EventRounds "9"]
[EventCountry "ESP"]
[EventCategory "4"]
[SourceTitle "CBM 100 Extra"]
[Source "ChessBase"]
[SourceDate "2004.07.06"]
[SourceVersion "2"]
[SourceVersionDate "2004.07.06"]
[SourceQuality "1"]

1. e4 c5 2. Nf3 e6 3. d4 cxd4 4. Nxd4 a6 5. Bd3 Bc5 6. Nb3 Be7 7. 0-0 d6 8. c4 Qc7 9. Nc3 Nf6 10. f4 Nbd7 11. Be3 b6 12. Qf3 0-0 13. Rae1 Bb7 14. Qh3 g6 15. f5 exf5 16. exf5 Ne5 17. Bg5 Rae8 18. Bh6 b5 19. Bxf8 Rxf8 20. Nd5 Bxd5 21. cxd5 Qa7+ 22. Kh1 Nfg4 23. Re2 Kg7 24. Qg3 h5 25. Be4 Bf6 26. Qf4 Nc4 27. fxg6 fxg6 28. h3 Be7 29. Qc1 Bg5 30. Qc3+ Bf6 31. Qe1 Nge5 32. Qf2 Qxf2 33. Rfxf2 1/2-1/2

[Event "Cala d'Or 1st"]
[Site "Cala d'Or"]
[Date "2003.10.14"]
[Round "8.2"]
[White "March Morla, Xavier"]
[Black "Guidarelli, Laurent"]
[Result "0-1"]
[WhiteElo "2206"]
[BlackElo "2422"]
[PlyCount "62"]
[EventDate "2003.10.08"]
[EventType "tourn"]
[EventRounds "10"]
[EventCountry "ESP"]
[EventCategory "5"]
[SourceTitle "EXT 2004"]
[Source "ChessBase"]
[SourceDate "2003.11.25"]
[SourceVersion "1"]
[SourceVersionDate "2003.11.25"]
[SourceQuality "1"]

1. e4 c5 2. Nf3 d6 3. d4 cxd4 4. Nxd4 Nf6 5. Nc3 a6 6. Bg5 e6 7. f4 Qb6 8. Qd2 Qxb2 9. Rb1 Qa3 10. Bxf6 gxf6 11. Be2 h5 12. 0-0 Nc6 13. Nxc6 bxc6 14. f5 Qc5+ 15. Kh1 Qe5 16. Na4 d5 17. Qf4 Qxf4 18. Rxf4 Bd6 19. Rff1 Ke7 20. Nb6 Ra7 21. Bd3 Bb7 22. c4 d4 23. Rf2 c5 24. Rfb2 Bc6 25. Re2 a5 26. Nd5+ Kd8 27. fxe6 fxe6 28. Nxf6 Be5 29. Rf2 Rh6 30. Rbf1 Rb7 31. Kg1 Rg7 0-1

[Event "Cala d'Or 1st"]
[Site "Cala d'Or"]
[Date "2003.10.12"]
[Round "6.1"]
[White "Midoux, Sebastien"]
[Black "March Morla, Xavier"]
[Result "1-0"]
[WhiteElo "2349"]
[BlackElo "2206"]
[PlyCount "129"]
[EventDate "2003.10.08"]
[EventType "tourn"]
[EventRounds "10"]
[EventCountry "ESP"]
[EventCategory "5"]
[SourceTitle "EXT 2004"]
[Source "ChessBase"]
[SourceDate "2003.11.25"]
[SourceVersion "1"]
[SourceVersionDate "2003.11.25"]
[SourceQuality "1"]

1. e4 c5 2. Nf3 e6 3. b3 b6 4. Bb2 Bb7 5. e5 f6 6. Nh4 g6 7. exf6 Nxf6 8. Be2 Bg7 9. Bf3 Nc6 10. g3 Qe7 11. Bg2 0-0 12. 0-0 d5 13. f4 d4 14. Nf3 Nd7 15. d3 e5 16. fxe5 Ncxe5 17. Nxe5 Nxe5 18. Nd2 Bxg2 19. Kxg2 Qd7 20. h3 Nc6 21. Ne4 Nb4 22. Rxf8+ Rxf8 23. Bc1 Qf5 24. Bd2 Nd5 25. Qe2 Nf6 26. Nxf6+ Qxf6 27. Re1 Kh8 28. h4 Kg8 29. Qe6+ Qxe6 30. Rxe6 Kf7 31. Rc6 Be5 32. a3 Ke7 33. b4 Kd7 34. b5 Re8 35. Kf3 Re6 36. Bf4 Bxf4 37. Rxe6 Kxe6 38. Kxf4 Kf6 39. g4 h6 40. Ke4 Ke6 41. h5 gxh5 42. gxh5 Kf6 43. Kd5 Kg5 44. Kc6 Kxh5 45. Kb7 Kg4 46. Kxa7 h5 47. Kxb6 h4 48. Kxc5 h3 49. b6 h2 50. b7 h1Q 51. b8Q Qa1 52. Qb4 Kf3 53. Qxd4 Qxa3+ 54. Qb4 Qa7+ 55. Kc4 Qf7+ 56. Kc3 Qc7+ 57. Kb2 Qe5+ 58. d4 Qf6 59. Qb3+ Ke4 60. Qd3+ Kd5 61. c4+ Kc6 62. Qe4+ Kb6 63. Kb3 Qh6 64. c5+ Ka5 65. Qa8+ 1-0

[Event "Cala d'Or 1st"]
[Site "Cala d'Or"]
[Date "2003.10.11"]
[Round "4.3"]
[White "Braga, Fernando Alberto"]
[Black "March Morla, Xavier"]
[Result "1-0"]
[WhiteElo "2449"]
[BlackElo "2206"]
[PlyCount "41"]
[EventDate "2003.10.08"]
[EventType "tourn"]
[EventRounds "10"]
[EventCountry "ESP"]
[EventCategory "5"]
[SourceTitle "EXT 2004"]
[Source "ChessBase"]
[SourceDate "2003.11.25"]
[SourceVersion "1"]
[SourceVersionDate "2003.11.25"]
[SourceQuality "1"]

1. Nf3 Nf6 2. c4 c6 3. d4 d5 4. e3 e6 5. Nc3 Nbd7 6. Qc2 Bd6 7. Bd2 a6 8. Bd3 dxc4 9. Bxc4 b5 10. Be2 0-0 11. Ng5 h6 12. Nce4 Be7 13. Nxf6+ Nxf6 14. Nf3 Bb7 15. 0-0 Qd5 16. b4 a5 17. a3 Ne4 18. Be1 axb4 19. Bxb4 Bxb4 20. axb4 Qd6 21. Qxe4 1-0

[Event "Calanova 1st"]
[Site "Palma de Mallorca"]
[Date "2002.12.23"]
[Round "11"]
[White "March Morla, Xavier"]
[Black "Calzetta Ruiz, Monica"]
[Result "1/2-1/2"]
[WhiteElo "2198"]
[BlackElo "2256"]
[PlyCount "45"]
[EventDate "2002.12.13"]
[EventType "tourn"]
[EventRounds "11"]
[EventCountry "ESP"]
[EventCategory "3"]
[SourceTitle "CBM 091 Extra"]
[Source "ChessBase"]
[SourceDate "2003.01.09"]
[SourceVersion "1"]
[SourceVersionDate "2003.01.09"]
[SourceQuality "1"]

1. e4 c5 2. Nf3 d6 3. d4 cxd4 4. Nxd4 Nf6 5. Nc3 g6 6. Be3 Bg7 7. f3 0-0 8. Qd2 Nc6 9. Bc4 Bd7 10. Bb3 Qa5 11. 0-0-0 Rfc8 12. g4 Ne5 13. Kb1 b5 14. g5 Ne8 15. Ncxb5 Qxd2 16. Rxd2 Nxf3 17. Rf2 Ne5 18. Rhf1 e6 19. h3 Rab8 20. Nc3 Rc7 21. a4 a6 22. a5 Rb4 23. Nde2 1/2-1/2

[Event "Calanova 1st"]
[Site "Palma de Mallorca"]
[Date "2002.12.19"]
[Round "7"]
[White "March Morla, Xavier"]
[Black "Llaneza Vega, Patricia"]
[Result "1-0"]
[WhiteElo "2198"]
[BlackElo "2302"]
[PlyCount "91"]
[EventDate "2002.12.13"]
[EventType "tourn"]
[EventRounds "11"]
[EventCountry "ESP"]
[EventCategory "3"]
[SourceTitle "CBM 091 Extra"]
[Source "ChessBase"]
[SourceDate "2003.01.09"]
[SourceVersion "1"]
[SourceVersionDate "2003.01.09"]
[SourceQuality "1"]

1. e4 c5 2. Nf3 Nc6 3. d4 cxd4 4. Nxd4 Nf6 5. Nc3 e5 6. Ndb5 d6 7. Bg5 a6 8. Na3 Be6 9. Nc4 Rc8 10. Nd5 Bxd5 11. exd5 Ne7 12. Bxf6 gxf6 13. Qd2 Qc7 14. a4 Qc5 15. Rd1 f5 16. Qa5 Ng6 17. b4 Qc7 18. b5 axb5 19. Qxb5+ Ke7 20. Rb1 Rb8 21. h4 e4 22. Rh3 Bg7 23. Rhb3 Rhd8 24. Qxb7 Rxb7 25. Rxb7 Qxb7 26. Rxb7+ Rd7 27. Rxd7+ Kxd7 28. g3 Kc7 29. Bh3 f4 30. Bf5 e3 31. fxe3 fxg3 32. Bxg6 hxg6 33. Kf1 Bf6 34. Kg2 Bxh4 35. a5 f5 36. a6 Kb8 37. Nxd6 Ka7 38. c4 Kxa6 39. c5 Bg5 40. c6 Kb6 41. Kxg3 Bd8 42. Ne8 g5 43. Kf3 Kc5 44. c7 Bxc7 45. Nxc7 Kd6 46. Ne6 1-0

[Event "Calanova 1st"]
[Site "Palma de Mallorca"]
[Date "2002.12.17"]
[Round "5"]
[White "March Morla, Xavier"]
[Black "Rodriguez Guerrero, Enrique"]
[Result "0-1"]
[WhiteElo "2198"]
[BlackElo "2324"]
[PlyCount "82"]
[EventDate "2002.12.13"]
[EventType "tourn"]
[EventRounds "11"]
[EventCountry "ESP"]
[EventCategory "3"]
[SourceTitle "CBM 091 Extra"]
[Source "ChessBase"]
[SourceDate "2003.01.09"]
[SourceVersion "1"]
[SourceVersionDate "2003.01.09"]
[SourceQuality "1"]

1. e4 c5 2. Nf3 e6 3. d4 cxd4 4. Nxd4 Nc6 5. Nc3 Qc7 6. Be3 a6 7. Qd2 Nf6 8. f3 b5 9. 0-0-0 Ne5 10. Bf4 b4 11. Na4 Bb7 12. Nb3 Be7 13. Bxe5 Qxe5 14. Nb6 Rd8 15. Nc4 Qc7 16. Nd6+ Kf8 17. Qxb4 Bd5 18. e5 Ne8 19. Qa5 Qxa5 20. Nxa5 Nxd6 21. exd6 Bxd6 22. c4 Bf4+ 23. Kb1 Ba8 24. Be2 Ke7 25. g3 Bc7 26. Nb3 d5 27. cxd5 Bxd5 28. Bxa6 Bxf3 29. Rxd8 Rxd8 30. Rc1 Bb6 31. a4 Be4+ 32. Ka2 Bd5 33. Ka3 Rb8 34. Bb5 e5 35. Nd2 e4 36. b4 f5 37. Nc4 Bf2 38. Ne5 Kd6 39. Nc4+ Ke6 40. Rf1 Ba7 41. Rd1 Rxb5 0-1

[Event "Calanova 1st"]
[Site "Palma de Mallorca"]
[Date "2002.12.15"]
[Round "3"]
[White "March Morla, Xavier"]
[Black "Segura Ariza, Jose Luis"]
[Result "0-1"]
[WhiteElo "2198"]
[BlackElo "2235"]
[PlyCount "66"]
[EventDate "2002.12.13"]
[EventType "tourn"]
[EventRounds "11"]
[EventCountry "ESP"]
[EventCategory "3"]
[SourceTitle "CBM 091 Extra"]
[Source "ChessBase"]
[SourceDate "2003.01.09"]
[SourceVersion "1"]
[SourceVersionDate "2003.01.09"]
[SourceQuality "1"]

1. e4 e6 2. d4 b6 3. Nf3 Bb7 4. Bd3 Ne7 5. Bg5 h6 6. Bh4 g5 7. Bg3 d6 8. c3 Nd7 9. h4 g4 10. Nfd2 Rg8 11. h5 Nc6 12. Nf1 Qg5 13. Qd2 Qg7 14. Na3 0-0-0 15. 0-0-0 Be7 16. Bf4 Bg5 17. Bxg5 Qxg5 18. Nc2 Ne7 19. Re1 Qg7 20. Ng3 c5 21. Qe2 Nc6 22. Bb5 Kb8 23. Rd1 Nf6 24. Kb1 Qg5 25. Bd3 Nd7 26. Qe3 Qg7 27. Rhe1 Qg5 28. Qxg5 Rxg5 29. Bb5 Nf6 30. Rh1 cxd4 31. Bxc6 Bxc6 32. Nxd4 Bb7 33. Rde1 Rc8 0-1

[Event "Mallorca-chT"]
[Site "Palma de Mallorca"]
[Date "2002.03.23"]
[Round "9.2"]
[White "March Morla, Xavier"]
[Black "Roca Salva, Antonio"]
[Result "0-1"]
[WhiteElo "2202"]
[BlackElo "2121"]
[PlyCount "68"]
[EventDate "2002.??.??"]
[EventType "team"]
[EventRounds "10"]
[EventCountry "ESP"]
[SourceTitle "EXT 2003"]
[Source "ChessBase"]
[SourceDate "2002.11.25"]
[SourceVersion "1"]
[SourceVersionDate "2002.11.25"]
[SourceQuality "1"]

1. e4 d5 2. exd5 Qxd5 3. Nc3 Qa5 4. d4 Nf6 5. Nf3 Bg4 6. h3 Bh5 7. g4 Bg6 8. Ne5 e6 9. Bg2 c6 10. h4 Nbd7 11. Nxd7 Kxd7 12. d5 cxd5 13. h5 Bb4 14. Rh3 Rac8 15. hxg6 hxg6 16. Rxh8 Bxc3+ 17. bxc3 Qxc3+ 18. Bd2 Qe5+ 19. Be3 Rxh8 20. Rb1 b6 21. Qe2 Rc8 22. Bf3 Ke7 23. Qd2 Kf8 24. g5 Nd7 25. Qb4+ Kg8 26. Bd1 Nc5 27. Qd4 Qh2 28. c4 Ne4 29. Rc1 Qg1+ 30. Ke2 Nxg5 31. cxd5 Rxc1 32. Bxc1 exd5 33. Qxd5 Ne6 34. Qf3 Nd4+ 0-1

[Event "Mallorca-chT"]
[Site "Palma de Mallorca"]
[Date "2002.03.09"]
[Round "7.2"]
[White "March Morla, Xavier"]
[Black "Piro Madraccio, Nicolas"]
[Result "1-0"]
[WhiteElo "2202"]
[BlackElo "2151"]
[PlyCount "71"]
[EventDate "2002.??.??"]
[EventType "team"]
[EventRounds "10"]
[EventCountry "ESP"]
[SourceTitle "EXT 2003"]
[Source "ChessBase"]
[SourceDate "2002.11.25"]
[SourceVersion "1"]
[SourceVersionDate "2002.11.25"]
[SourceQuality "1"]

1. d4 Nf6 2. c4 c5 3. d5 b5 4. cxb5 a6 5. bxa6 Bxa6 6. Nc3 d6 7. Nf3 g6 8. g3 Bg7 9. Bg2 0-0 10. 0-0 Nbd7 11. Qc2 Qb6 12. Rb1 Bc4 13. Nd2 Ba6 14. b3 Qa7 15. h3 Nb6 16. Re1 Nfd7 17. Bb2 f5 18. Kh2 g5 19. a4 Ne5 20. Nf3 Nxf3+ 21. exf3 Rae8 22. f4 gxf4 23. gxf4 Nd7 24. Bf3 c4 25. b4 Qd4 26. Ne4 c3 27. Rbd1 Qxb4 28. Bxc3 Bxc3 29. Qxc3 Qxc3 30. Nxc3 Nb6 31. Nb5 Bxb5 32. axb5 Rc8 33. Rxe7 Rc5 34. Rg1+ Kh8 35. Rgg7 Rfc8 36. Rxh7+ 1-0

[Event "ESP-ch op-A"]
[Site "Cala Mendia"]
[Date "2001.11.22"]
[Round "6"]
[White "Gual Pascual, Antonio"]
[Black "March Morla, Xavier"]
[Result "1-0"]
[WhiteElo "2400"]
[BlackElo "2189"]
[PlyCount "81"]
[EventDate "2001.11.17"]
[EventType "swiss"]
[EventRounds "9"]
[EventCountry "ESP"]
[SourceTitle "CBM 085 Extra"]
[Source "ChessBase"]
[SourceDate "2002.01.21"]
[SourceVersion "1"]
[SourceVersionDate "2002.01.21"]
[SourceQuality "1"]

1. d4 Nf6 2. c4 d6 3. Nc3 Nbd7 4. e4 e5 5. d5 Be7 6. f3 c6 7. Be3 0-0 8. Bd3 Ne8 9. Nge2 Bg5 10. Bf2 Nc5 11. Bc2 a5 12. h4 Be7 13. g4 Qb6 14. Kf1 Qa6 15. b3 b5 16. cxb5 cxb5 17. Kg2 b4 18. Na4 Nxa4 19. bxa4 Bd7 20. Qd2 Bd8 21. Rac1 Bb6 22. Ng3 Bxf2 23. Kxf2 Qb6+ 24. Kg2 Qd8 25. Qe3 Nc7 26. Bd3 Na6 27. Bxa6 Rxa6 28. Nf5 Bxa4 29. Qg5 Qxg5 30. hxg5 g6 31. Nh6+ Kh8 32. Rc7 Be8 33. Rb7 a4 34. Rc1 b3 35. axb3 a3 36. Ra1 a2 37. b4 Kg7 38. b5 Ra5 39. b6 Bb5 40. Rc7 Bd3 41. b7 1-0

[Event "ESP-ch op-A"]
[Site "Cala Mendia"]
[Date "2001.11.21"]
[Round "5"]
[White "March Morla, Xavier"]
[Black "Garcia Luque, Agustin"]
[Result "1-0"]
[WhiteElo "2189"]
[BlackElo "2409"]
[PlyCount "89"]
[EventDate "2001.11.17"]
[EventType "swiss"]
[EventRounds "9"]
[EventCountry "ESP"]
[SourceTitle "CBM 085 Extra"]
[Source "ChessBase"]
[SourceDate "2002.01.21"]
[SourceVersion "1"]
[SourceVersionDate "2002.01.21"]
[SourceQuality "1"]

1. e4 c6 2. d4 d5 3. exd5 cxd5 4. c4 Nf6 5. Nc3 g6 6. cxd5 Bg7 7. Qb3 0-0 8. Be2 Nbd7 9. Bf3 Nb6 10. Nge2 Bg4 11. Bxg4 Nxg4 12. a4 a5 13. 0-0 h6 14. Bf4 Nf6 15. d6 exd6 16. Nb5 Re8 17. Rfe1 Bf8 18. Rac1 Nbd5 19. Bd2 Qd7 20. Nf4 Rxe1+ 21. Rxe1 Qf5 22. Qf3 g5 23. Nxd5 Qxf3 24. gxf3 Nxd5 25. Rc1 Bg7 26. Kf1 Rd8 27. Ke2 Kh7 28. Kd3 Kg6 29. b3 b6 30. Rc6 Kh5 31. Rxd6 Rxd6 32. Nxd6 Bf8 33. Nxf7 Kh4 34. Ke4 Nc7 35. d5 Kh3 36. f4 g4 37. f5 h5 38. Bf4 Ne8 39. Be5 Kg2 40. d6 Nxd6+ 41. Bxd6 Bg7 42. Be5 Bf8 43. f6 h4 44. Kf4 g3 45. fxg3 1-0

[Event "San Agustin op 06th"]
[Site "Aviles"]
[Date "2001.08.22"]
[Round "6"]
[White "Moreno Trujillo, Alejandro"]
[Black "March Morla, Xavier"]
[Result "1-0"]
[WhiteElo "2225"]
[BlackElo "2189"]
[PlyCount "71"]
[EventDate "2001.08.18"]
[EventType "swiss"]
[EventRounds "9"]
[EventCountry "ESP"]
[SourceTitle "EXT 2002"]
[Source "ChessBase"]
[SourceDate "2001.11.25"]
[SourceVersion "1"]
[SourceVersionDate "2001.11.25"]
[SourceQuality "1"]

1. d4 g6 2. c4 Bg7 3. Nf3 c5 4. d5 e5 5. e4 d6 6. Nc3 f5 7. exf5 gxf5 8. Ng5 Nf6 9. Be2 0-0 10. f4 h6 11. Nf3 Ne4 12. Qc2 Nxc3 13. bxc3 e4 14. Nd2 Bd7 15. Nf1 Ba4 16. Qb2 Nd7 17. Ne3 Nb6 18. Bd2 Be8 19. 0-0 h5 20. Kh1 Na4 21. Qb3 Qd7 22. Rab1 Rb8 23. Qa3 a6 24. Bd1 Qd8 25. Bxa4 Qa5 26. Qb3 Bxa4 27. Qb6 Qxb6 28. Rxb6 Rf7 29. Rxd6 Rf6 30. Rxf6 Bxf6 31. Nxf5 Bc2 32. Re1 Bd3 33. Nd6 Bg7 34. Nxe4 Bxc4 35. d6 b6 36. f5 1-0

[Event "ESP-ch U18"]
[Site "Oropesa del Mar"]
[Date "2001.07.04"]
[Round "5.8"]
[White "Sanchez Saez, Francisco"]
[Black "March Morla, Xavier"]
[Result "1-0"]
[WhiteElo "2129"]
[BlackElo "2189"]
[PlyCount "65"]
[EventDate "2001.07.01"]
[EventType "swiss"]
[EventRounds "8"]
[EventCountry "ESP"]
[SourceTitle "EXT 2002"]
[Source "ChessBase"]
[SourceDate "2001.11.25"]
[SourceVersion "1"]
[SourceVersionDate "2001.11.25"]
[SourceQuality "1"]

1. e4 c5 2. Nf3 d6 3. d4 cxd4 4. Nxd4 Nf6 5. Nc3 a6 6. Be3 e5 7. Nb3 Be6 8. f3 Nbd7 9. Qd2 b5 10. g4 Nb6 11. g5 Nfd7 12. f4 g6 13. 0-0-0 Nc4 14. Bxc4 bxc4 15. Nd4 exd4 16. Bxd4 Rg8 17. Qg2 Rb8 18. Rhf1 Qa5 19. Rde1 Nc5 20. Qf2 Qb6 21. Nd5 Bxd5 22. exd5+ Kd8 23. f5 Rb7 24. Qe3 Qb5 25. Qh3 gxf5 26. Qxh7 Rg6 27. Qh8 Nd7 28. Rxf5 Kc7 29. Re8 Re6 30. dxe6 Qxf5 31. exd7 Kxd7 32. Qxf8 Qxg5+ 33. Kb1 1-0

[Event "Baleares-ch"]
[Site "Cala Mendia"]
[Date "2001.04.14"]
[Round "7"]
[White "Galiana Salom, Juan Ramon"]
[Black "March Morla, Xavier"]
[Result "1-0"]
[WhiteElo "2214"]
[BlackElo "2680"]
[PlyCount "121"]
[EventDate "2001.04.08"]
[EventType "tourn"]
[EventRounds "7"]
[EventCountry "ESP"]
[SourceTitle "CBM 082 Extra"]
[Source "ChessBase"]
[SourceDate "2001.07.03"]
[SourceVersion "1"]
[SourceVersionDate "2001.07.03"]
[SourceQuality "1"]

1. e4 c5 2. Nf3 d6 3. d4 cxd4 4. Nxd4 Nf6 5. Nc3 a6 6. Bg5 Nc6 7. Be2 e6 8. Qd2 Be7 9. Rd1 Bd7 10. Nb3 Qc7 11. 0-0 Rd8 12. Bxf6 Bxf6 13. Qxd6 Qxd6 14. Rxd6 Ke7 15. Rfd1 Be5 16. R6d2 Bf4 17. Rd3 Nb4 18. Rf3 Be5 19. Na5 b5 20. a3 Nc6 21. Nb7 Rb8 22. Nc5 Bc8 23. b4 Rd8 24. Rxd8 Nxd8 25. Rd3 Nc6 26. g3 g5 27. Kg2 Bd6 28. Nb3 Ne5 29. Rd2 Bb7 30. Kf1 g4 31. Nc1 Rc8 32. N1a2 h5 33. Rd4 Nc4 34. Bxc4 bxc4 35. Ke2 a5 36. bxa5 Bxa3 37. Nb5 Bb2 38. c3 Ba6 39. Rd2 Bxb5 40. Rxb2 Bc6 41. e5 Ra8 42. Nb4 Bf3+ 43. Ke3 Rxa5 44. Kd4 Ra1 45. Ra2 Re1 46. Kxc4 Rxe5 47. Rd2 Kf6 48. Nc2 Re2 49. Rxe2 Bxe2+ 50. Kd4 e5+ 51. Kd5 Bf3+ 52. Kd6 Kf5 53. c4 Ke4 54. Ne1 Be2 55. c5 Ba6 56. c6 f5 57. c7 f4 58. Kd7 fxg3 59. hxg3 Kd4 60. Nc2+ Kd3 61. Nb4+ 1-0

[Event "Mallorca-chT Preferente"]
[Site "Palma de Mallorca"]
[Date "2001.03.31"]
[Round "13.3"]
[White "Abadia Pascual, Luis"]
[Black "March Morla, Xavier"]
[Result "0-1"]
[WhiteElo "2004"]
[BlackElo "2124"]
[PlyCount "71"]
[EventDate "2001.01.13"]
[EventType "team"]
[EventRounds "14"]
[EventCountry "ESP"]
[SourceTitle "EXT 2002"]
[Source "ChessBase"]
[SourceDate "2001.11.25"]
[SourceVersion "1"]
[SourceVersionDate "2001.11.25"]
[SourceQuality "1"]

1. e4 d5 2. exd5 Nf6 3. d4 Bg4 4. Be2 Bxe2 5. Nxe2 Qxd5 6. 0-0 Nc6 7. Bf4 0-0-0 8. c4 Qxc4 9. Nd2 Qa6 10. Nf3 Nd5 11. Bg3 e6 12. Rc1 f6 13. Nf4 Nxf4 14. Bxf4 Qxa2 15. Rxc6 bxc6 16. Qc2 Qd5 17. Ra1 Bd6 18. Bxd6 Qxd6 19. Rxa7 Kd7 20. Qa4 Rb8 21. Qc2 Ra8 22. Rxa8 Rxa8 23. g3 g6 24. Qc3 Qd5 25. Kg2 g5 26. h3 h5 27. Kh2 g4 28. hxg4 hxg4 29. Nh4 Ra1 30. Ng2 Rd1 31. Qc2 Qh5+ 32. Nh4 Rxd4 33. Qe2 Qd5 34. Qe3 Rd1 35. Ng2 Qd2 36. Qc5 0-1

[Event "Mallorca-chT Preferente"]
[Site "Palma de Mallorca"]
[Date "2001.03.10"]
[Round "10.4"]
[White "Munar Rossello, Pedro"]
[Black "March Morla, Xavier"]
[Result "0-1"]
[WhiteElo "2034"]
[BlackElo "2124"]
[PlyCount "76"]
[EventDate "2001.01.13"]
[EventType "team"]
[EventRounds "14"]
[EventCountry "ESP"]
[SourceTitle "EXT 2002"]
[Source "ChessBase"]
[SourceDate "2001.11.25"]
[SourceVersion "1"]
[SourceVersionDate "2001.11.25"]
[SourceQuality "1"]

1. Nf3 c5 2. c4 Nf6 3. Nc3 Nc6 4. g3 d6 5. Bg2 g6 6. d4 cxd4 7. Nxd4 Qb6 8. Nb3 Qb4 9. 0-0 Qxc4 10. Bg5 Nd7 11. Rc1 Qg4 12. f4 Nb6 13. Qd2 h6 14. Bh4 Bg7 15. Nb5 Qd7 16. Rxc6 bxc6 17. Na5 d5 18. Nd4 Bb7 19. Nab3 Nc4 20. Qd3 Qc7 21. e4 0-0 22. e5 c5 23. Nb5 Qb6 24. Nc3 Nxb2 25. Qc2 c4+ 26. Kh1 cxb3 27. Qxb2 bxa2 28. Qxa2 e6 29. Qd2 Ba6 30. Re1 Rac8 31. Nd1 Rc7 32. f5 gxf5 33. Bf6 Bxf6 34. exf6 Kh7 35. Bxd5 exd5 36. Qf4 Bd3 37. Ne3 Be4+ 38. Kg1 Rc2 0-1